000 00395nam a22001457a 4500
999 _c7678
_d7676
005 20210319113754.0
008 210319b ||||| |||| 00| 0 eng d
082 _a346.066
100 _aAIYAR, A.N
_96466
245 _aCOMPANY CASES THE CORPORATE LAW WEEKLY [VOL-161]
260 _aCHENNAI
_bCOMPANY LAW INSTITUTE OF INDIA
_c2011
300 _a664;i-xxxii,p
650 _aLAW
_95701
942 _cJRL